A brief history of time / (Record no. 25803)

MARC details
000 -LEADER
fixed length control field 00849cam a22002775a 4500
001 - CONTROL NUMBER
control field 1670401
005 - DATE AND TIME OF LATEST TRANSACTION
control field 20240818093029.0
008 - FIXED-LENGTH DATA ELEMENTS--GENERAL INFORMATION
fixed length control field 980527t2017 nyua fr 001 0 eng d
020 ## - INTERNATIONAL STANDARD BOOK NUMBER
International Standard Book Number 9780553109535
040 ## - CATALOGING SOURCE
Original cataloging agency DLC
Transcribing agency DLC
Modifying agency DLC
-- EG-ScBUE
Language of cataloging eng
082 04 - DEWEY DECIMAL CLASSIFICATION NUMBER
Edition number 22
Classification number 523.1
Item number HAW
100 1# - MAIN ENTRY--PERSONAL NAME
Personal name Hawking, Stephen,
Dates associated with a name 1942-
245 12 - TITLE STATEMENT
Title A brief history of time /
Statement of responsibility, etc Stephen Hawking.
250 ## - EDITION STATEMENT
Edition statement Updated and expanded tenth anniversary ed.
260 ## -
-- New York :
-- Bantam Books,
-- c.2017.
300 ## - PHYSICAL DESCRIPTION
Extent 223 p. :
Other physical details ill. ;
Dimensions 24 cm.
336 ## - CONTENT TYPE
Source rdacontent
Content type term text
Content type code txt
337 ## - MEDIA TYPE
Media type term unmediated
Source rdamedia
Media type code n
338 ## - CARRIER TYPE
Carrier type term volume
Carrier type code nc
Source rdacarrier
500 ## - GENERAL NOTE
General note Includes index.
650 #7 - SUBJECT ADDED ENTRY--TOPICAL TERM
Topical term or geographic name as entry element Cosmology.
Source of heading or term BUEsh
9 (RLIN) 37498
651 ## - SUBJECT ADDED ENTRY--GEOGRAPHIC NAME
Source of heading or term BUEsh
653 ## - INDEX TERM--UNCONTROLLED
Resource For college Generalities
Arrived date list December2017
BestSellers Best Sellers
655 ## - INDEX TERM--GENRE/FORM
Form subdivision Reading book
9 (RLIN) 34232
942 ## - ADDED ENTRY ELEMENTS (KOHA)
Source of classification or shelving scheme Dewey Decimal Classification
Classification part RDA-MOD
Holdings
Withdrawn status Lost status Source of classification or shelving scheme Damaged status Not for loan Collection code Home library Current library Shelving location Date acquired Source of acquisition Cost, normal purchase price Total Checkouts Total Renewals Full call number Barcode Checked out Date last seen Date checked out Koha item type
    Dewey Decimal Classification     Baccah Central Library Central Library First floor 26/12/2017 Purchase 750.00 6 57 523.1 HAW 000047015 15/01/2024 05/12/2023 05/12/2023 Book - Borrowing